[Event "Flint (Class B/5)"]
[Site "?"]
[Date "1990.01.21"]
[Round "?"]
[White "Aldrich, Jeff"]
[Black "Croel, Duane"]
[Result "1/2-1/2"]
[WhiteElo "1685"]
[BlackElo "1663"]
[PlyCount "89"]
[EventDate "1990.??.??"]

1. d4 d5 2. c4 e6 3. Nc3 Nf6 4. Bg5 Nbd7 5. e3 Be7 6. Nf3 b6 7. Be2 Bb7 8. O-O
Rc8 9. Qa4 a5 10. cxd5 Nxd5 11. Bxe7 Nxe7 12. Ne5 c6 13. Nc4 Nf6 14. Qa3 O-O
15. Rac1 Rb8 16. Nd6 b5 17. Nxb7 Rxb7 18. Qb3 Qd6 19. Bf3 Rc7 20. Ne4 Nxe4 21.
Bxe4 h6 22. Rc5 Nd5 23. Rfc1 Rfc8 24. h3 a4 25. Qc2 Nb4 26. Qb1 Na6 27. R5c3 c5
28. dxc5 Rxc5 29. Rxc5 Rxc5 30. Rxc5 Nxc5 31. Bc2 Qd2 32. Qd1 Qxd1+ 33. Bxd1
Kf8 34. Kf1 b4 35. Ke2 Ke7 36. Kd2 Kd6 37. Bf3 Nd7 38. a3 bxa3 39. bxa3 Ne5 40.
Kc3 Nxf3 41. gxf3 Kc5 42. Kd3 e5 43. Kc3 f5 44. Kd3 Kb5 45. e4 1/2-1/2

[Event "Toldeo Swiss (January)"]
[Site "Toledo, Ohio"]
[Date "1990.01.27"]
[Round "1"]
[White "Roberson, Harvey"]
[Black "Moody, David"]
[Result "1-0"]
[WhiteElo "1417"]
[BlackElo "2083"]
[PlyCount "75"]
[EventDate "1990.01.27"]

1. d4 Nf6 2. c4 c5 3. d5 e6 4. Nc3 exd5 5. cxd5 d6 6. e4 g6 7. Be2 Bg7 8. Nf3
O-O 9. Bg5 h6 10. Bh4 g5 11. Bg3 Nh5 12. O-O Nxg3 13. fxg3 a6 14. a4 Bg4 15. h3
Bh5 16. Kh2 Bxf3 17. gxf3 Nd7 18. f4 Re8 19. fxg5 Qxg5 20. Rf5 Qe3 21. Qf1 Bxc3
22. bxc3 Rxe4 23. Bh5 Ne5 24. Rxe5 Rf8 25. Rxe4 Qxe4 26. Qf3 Qc2+ 27. Kh1 b5
28. axb5 axb5 29. Rf1 f6 30. Qg4+ Kh7 31. Qd7+ Kg8 32. Qxd6 Qxc3 33. Qe6+ Kh8
34. d6 Qc4 35. Qxc4 bxc4 36. d7 Rd8 37. Be8 Kg7 38. Rf5 1-0

[Event "Toldeo Swiss (January)"]
[Site "Toledo, Ohio"]
[Date "1990.01.27"]
[Round "3"]
[White "Pearson, Vincent"]
[Black "Moody, David"]
[Result "0-1"]
[WhiteElo "1707"]
[BlackElo "2083"]
[PlyCount "36"]
[EventDate "1990.01.27"]

1. e4 e5 2. Nf3 Nc6 3. Bb5 a6 4. Ba4 Nf6 5. O-O Be7 6. Re1 b5 7. Bb3 O-O 8. c3
d5 9. exd5 Nxd5 10. Nxe5 Nxe5 11. Rxe5 c6 12. d4 Bd6 13. Re1 Qh4 14. g3 Qh3 15.
Nd2 Bg4 16. Nf3 Rae8 17. Bd2 Rxe1+ 18. Bxe1 Nf4 0-1

[Event "Toldeo Swiss (January)"]
[Site "Toledo, Ohio"]
[Date "1990.01.27"]
[Round "2"]
[White "Moody, David"]
[Black "Suess, John"]
[Result "1-0"]
[WhiteElo "2083"]
[BlackElo "1296"]
[PlyCount "57"]
[EventDate "1990.01.27"]

1. e4 e6 2. d4 d6 3. c4 Nf6 4. Nc3 b6 5. Bd3 Bb7 6. Bg5 Be7 7. Nf3 Nfd7 8. h4
Nf8 9. Qd2 Nc6 10. d5 Nb4 11. Be2 f6 12. Be3 e5 13. a3 Na6 14. b4 Nb8 15. h5 h6
16. Nh4 Nbd7 17. Rh3 Bc8 18. Rg3 Rg8 19. Bxh6 Kf7 20. Nf5 Nb8 21. Nxg7 Nh7 22.
Ne6 Bxe6 23. dxe6+ Kxe6 24. Qd5+ Kd7 25. Bg4+ Ke8 26. Qxg8+ Nf8 27. Bxf8 Bxf8
28. Qg6+ Ke7 29. Nd5# 1-0

[Event "Toldeo Swiss (January)"]
[Site "Toledo, Ohio"]
[Date "1990.01.27"]
[Round "4"]
[White "Moody, David"]
[Black "Flynn, Jeff"]
[Result "1/2-1/2"]
[WhiteElo "2083"]
[BlackElo "1789"]
[PlyCount "50"]
[EventDate "1990.01.27"]

1. d4 Nf6 2. c4 c5 3. d5 d6 4. Nc3 g6 5. e4 b5 6. cxb5 a6 7. f4 Bg7 8. bxa6
Bxa6 9. Bxa6 Rxa6 10. Qe2 Qa5 11. Qb5+ Qxb5 12. Nxb5 Ra4 13. Nc3 Rc4 14. e5 Nh5
15. Nge2 dxe5 16. b3 Rb4 17. Ba3 exf4 18. O-O-O Rb7 19. Bxc5 Na6 20. Bd4 e5 21.
dxe6 fxe6 22. Bxg7 Rxg7 23. Rd6 Nc7 24. Rhd1 O-O 25. Nd4 e5 1/2-1/2

[Event "Trenton Mini-Swiss (January)"]
[Site "Trenton, Mich."]
[Date "1990.01.28"]
[Round "1"]
[White "Ridella, Dennis"]
[Black "Moody, David"]
[Result "0-1"]
[WhiteElo "1829"]
[BlackElo "2083"]
[PlyCount "30"]
[EventDate "1990.01.28"]

1. e4 e5 2. Nf3 Nc6 3. Bb5 a6 4. Ba4 Nf6 5. O-O Be7 6. Re1 b5 7. Bb3 O-O 8. h3
Bb7 9. c3 d5 10. exd5 Nxd5 11. Nxe5 Nxe5 12. Rxe5 Nf4 13. d4 Nxg2 14. Qg4 Nh4
15. Bh6 Nf3+ 0-1

[Event "Trenton Mini-Swiss (January)"]
[Site "Trenton, Mich."]
[Date "1990.01.28"]
[Round "2"]
[White "Moody, David"]
[Black "Finegold, Mark"]
[Result "0-1"]
[WhiteElo "2083"]
[BlackElo "2198"]
[PlyCount "54"]
[EventDate "1990.01.28"]

1. Nf3 Nf6 2. g3 c5 3. Bg2 g6 4. O-O Bg7 5. d3 O-O 6. e4 Nc6 7. Nc3 d6 8. Re1
e5 9. h3 Nd4 10. Ne2 Ne8 11. g4 Nc7 12. c3 Nxe2+ 13. Qxe2 Ne6 14. Be3 b6 15.
Qd2 Bb7 16. Bh6 Bxh6 17. Qxh6 f5 18. Rad1 f4 19. h4 Qe7 20. Kh2 Rf6 21. g5 Rf7
22. h5 Rg7 23. Bh3 Nd8 24. hxg6 hxg6 25. Rh1 Nf7 26. Qh4 Rh7 27. Qg4 Bc8 0-1

[Event "Trenton Mini-Swiss (January)"]
[Site "Trenton, Mich."]
[Date "1990.01.28"]
[Round "3"]
[White "Gabbara, Faris"]
[Black "Moody, David"]
[Result "1-0"]
[WhiteElo "2071"]
[BlackElo "2083"]
[PlyCount "43"]
[EventDate "1990.01.28"]

1. e4 e5 2. f4 exf4 3. Nf3 d5 4. exd5 Nf6 5. Bb5+ c6 6. dxc6 Nxc6 7. d4 Qa5+ 8.
Nc3 Bb4 9. Qe2+ Kd8 10. O-O Re8 11. Qd3 Bxc3 12. bxc3 Nd5 13. Bxc6 bxc6 14. Ne5
Kc7 15. Bxf4 Ba6 16. Nc4+ Nxf4 17. Rxf4 Qd5 18. Qg3 Qxc4 19. Rxf7+ Kb6 20. Qc7+
Kb5 21. a4+ Qxa4 22. Rf5+ 1-0

[Event "Grand Rapids Mini-Swiss (Feburary)"]
[Site "Grand Rapids, Mich."]
[Date "1990.02.10"]
[Round "2"]
[White "Moody, David"]
[Black "Lubben, Don"]
[Result "0-1"]
[WhiteElo "2083"]
[BlackElo "1815"]
[PlyCount "46"]
[EventDate "1990.02.10"]

1. e4 e6 2. d4 d5 3. Nc3 Bb4 4. e5 c5 5. a3 Bxc3+ 6. bxc3 Qc7 7. Nf3 Nc6 8. a4
a6 9. Ba3 cxd4 10. cxd4 Nge7 11. Bd3 Qa5+ 12. Qd2 Qxd2+ 13. Kxd2 Bd7 14. Rhb1
Na5 15. Bb4 Nec6 16. Bd6 f6 17. Rb6 Kf7 18. Ke3 Rhc8 19. Nd2 h6 20. Nb3 Nxb3
21. cxb3 Nd8 22. Bc5 fxe5 23. dxe5 Rxc5 0-1

[Event "Grand Rapids Mini-Swiss (Feburary)"]
[Site "Grand Rapids, Mich."]
[Date "1990.02.10"]
[Round "1"]
[White "Guzman, Jose"]
[Black "Moody, David"]
[Result "0-1"]
[WhiteElo "1765"]
[BlackElo "2083"]
[PlyCount "70"]
[EventDate "1990.02.10"]

1. d4 Nf6 2. Nf3 g6 3. Bg5 Bg7 4. Nbd2 d6 5. e3 Nbd7 6. Bd3 O-O 7. O-O c6 8. a4
Qc7 9. c3 Re8 10. Qb1 Rb8 11. b4 b5 12. Rc1 d5 13. Bf4 e5 14. Nxe5 Nxe5 15.
Bxe5 Rxe5 16. dxe5 Qxe5 17. Nf3 Qh5 18. axb5 cxb5 19. Rxa7 Bg4 20. Be2 Ne4 21.
h3 Bf5 22. Qa1 h6 23. Ra8 Rxa8 24. Qxa8+ Kh7 25. Nd4 Qh4 26. g3 Nxg3 27. Nxf5
Nxe2+ 28. Kf1 Qc4 29. Ra1 Ng3+ 30. Kg1 Nxf5 31. Qb7 Qxc3 32. Ra7 Qe1+ 33. Kg2
Nh4+ 34. Kg3 Qg1+ 35. Kf4 g5# 0-1

[Event "Grand Rapids Mini-Swiss (Feburary)"]
[Site "Grand Rapids, Mich."]
[Date "1990.02.10"]
[Round "3"]
[White "Czuhai, Kevin"]
[Black "Moody, David"]
[Result "1-0"]
[WhiteElo "2237"]
[BlackElo "2083"]
[PlyCount "43"]
[EventDate "1990.02.10"]

1. e4 e5 2. f4 exf4 3. Nf3 d5 4. exd5 Nf6 5. Bc4 Bd6 6. O-O O-O 7. d4 c6 8.
dxc6 Nxc6 9. c3 Qc7 10. Bd3 Bg4 11. Nbd2 Rfe8 12. Nc4 Ne4 13. Nxd6 Qxd6 14. Qc2
Bxf3 15. Rxf3 Nxd4 16. cxd4 Qxd4+ 17. Kf1 Rac8 18. Qd1 g5 19. Bxf4 gxf4 20.
Rxf4 Rc6 21. Bxe4 Rxe4 22. Qxd4 1-0

[Event "Lansing (Feb)"]
[Site "?"]
[Date "1990.02.11"]
[Round "3"]
[White "Aldrich, Jeff"]
[Black "Winslow, Donald"]
[Result "0-1"]
[WhiteElo "1685"]
[BlackElo "1645"]
[PlyCount "120"]
[EventDate "1990.??.??"]

1. d4 Nf6 2. c4 e6 3. Nc3 Bb4 4. Bd2 b6 5. Nf3 Bb7 6. e3 O-O 7. Bd3 d6 8. a3
Bxc3 9. Bxc3 Nbd7 10. Qe2 c5 11. Bc2 Rc8 12. e4 cxd4 13. Nxd4 Nc5 14. f3 Qe7
15. Rd1 Rfd8 16. b4 Ncd7 17. Nb5 Ne5 18. Nxa7 Ra8 19. Nb5 Rac8 20. O-O Nxc4 21.
Bb3 Nxa3 22. Bxf6 Qxf6 23. Nxa3 Qc3 24. Rd3 Qxb4 25. Bc4 d5 26. exd5 exd5 27.
Rb1 Qc5+ 28. Kf1 dxc4 29. Rc3 Bc6 30. Qb2 b5 31. Nc2 Rd2 32. Re3 Rxc2 33. Qxc2
Qxe3 34. Qf5 Rd8 35. Re1 Qd3+ 36. Qxd3 Rxd3 37. Re7 Kf8 38. Rc7 Be8 39. Ke2 Rb3
40. Kd2 Rb2+ 41. Ke3 Rxg2 42. h4 Rh2 43. Kf4 Rxh4+ 44. Kg5 Rd4 45. Kf5 b4 46.
Ke5 Rh4 47. f4 c3 48. Rc4 Rh1 49. Rxb4 c2 50. Rc4 c1=Q 51. Rxc1 Rxc1 52. Kf5
Rg1 53. Ke4 h5 54. f5 h4 55. f6 h3 56. fxg7+ Kxg7 57. Ke5 h2 58. Kd6 h1=Q 59.
Kc7 Qc6+ 60. Kb8 Rb1+ 0-1

[Event "Lansing (Feb)"]
[Site "?"]
[Date "1990.02.11"]
[Round "1"]
[White "Aldrich, Jeff"]
[Black "Gregory, Kevin"]
[Result "1/2-1/2"]
[WhiteElo "1685"]
[BlackElo "1620"]
[PlyCount "117"]
[EventDate "1990.??.??"]

1. d4 d5 2. c4 c6 3. Nc3 Nf6 4. Nf3 e6 5. Bg5 Be7 6. e3 Nbd7 7. Bd3 dxc4 8.
Bxc4 Nd5 9. Bxe7 Qxe7 10. e4 Nxc3 11. bxc3 O-O 12. O-O Nb6 13. Bd3 Bd7 14. Qc2
c5 15. a4 Bc6 16. Rfe1 cxd4 17. cxd4 Rac8 18. Qb3 Qd6 19. a5 Nd7 20. e5 Qe7 21.
Be4 Bxe4 22. Rxe4 Rc7 23. d5 exd5 24. Qxd5 Rfc8 25. Rae1 Qe6 26. Qd6 Rc6 27.
Qxe6 Rxe6 28. Nd4 Rxe5 29. Rxe5 Nxe5 30. f4 Nd3 31. Nf5 Rc1 32. Rxc1 Nxc1 33.
Ne7+ Kf8 34. Nc8 Nb3 35. Nxa7 Nxa5 36. Nc8 Ke8 37. Nb6 Ke7 38. Kf2 Kd6 39. Ke3
Kc5 40. Na4+ Kb5 41. Nc3+ Kb4 42. Kd3 Nb3 43. Nd5+ Kc5 44. Ne3 b5 45. Kc3 Nd4
46. g3 Nf3 47. h4 g6 48. f5 Nd4 49. g4 Nf3 50. fxg6 fxg6 51. h5 b4+ 52. Kb3
Nd4+ 53. Kb2 gxh5 54. gxh5 Kd6 55. Nc2 Nc6 56. Kb3 Ke5 57. Nxb4 Nxb4 58. Kxb4
Kf5 59. Kc3 1/2-1/2

[Event "Trenton Action (Feburary)"]
[Site "Trenton, Mich."]
[Date "1990.02.17"]
[Round "3"]
[White "Noren, Kevin"]
[Black "Moody, David"]
[Result "1-0"]
[WhiteElo "2251"]
[BlackElo "2083"]
[PlyCount "83"]
[EventDate "1990.02.17"]

1. Nf3 Nf6 2. g3 g6 3. Bg2 Bg7 4. O-O O-O 5. c4 c5 6. Nc3 Nc6 7. d4 cxd4 8.
Nxd4 Nxd4 9. Qxd4 d6 10. Qd3 Rb8 11. Bd2 Be6 12. Rac1 Nd7 13. b3 Nc5 14. Qc2
Qd7 15. Rfd1 Bh3 16. Bh1 f5 17. b4 Ne6 18. f4 Nd4 19. Qd3 e5 20. Nd5 e4 21. Qe3
g5 22. Bc3 Ne6 23. c5 gxf4 24. gxf4 Bg4 25. cxd6 Bxc3 26. Ne7+ Kf7 27. Rxc3 Qb5
28. Kf2 Qxb4 29. Rb3 Qc4 30. h3 Bh5 31. Rd5 Nxf4 32. Rxf5+ Ke6 33. Qxe4+ Qxe4
34. Bxe4 Rxf5 35. Nxf5 Ke5 36. Ke3 Nxe2 37. Rb5+ Kf6 38. Nd4 Nxd4 39. Kxd4 Ke6
40. Rxh5 Rd8 41. Rh6+ Kd7 42. Bf5+ 1-0

[Event "Trenton Action (Feburary)"]
[Site "Trenton, Mich."]
[Date "1990.02.17"]
[Round "4"]
[White "Moody, David"]
[Black "Smith, Mike A"]
[Result "1/2-1/2"]
[WhiteElo "2083"]
[BlackElo "1730"]
[PlyCount "78"]
[EventDate "1990.02.17"]

1. e4 c6 2. d4 d5 3. exd5 cxd5 4. Bd3 Nf6 5. Bf4 Nc6 6. c3 Bg4 7. Qb3 Qd7 8.
Nd2 e6 9. Ngf3 Be7 10. Ne5 Qc8 11. Bb5 O-O 12. Nxg4 Nxg4 13. h3 Nf6 14. Nf3 Rd8
15. O-O Bd6 16. Ne5 a6 17. Bd3 Nd7 18. Qc2 Ndxe5 19. Bxh7+ Kf8 20. Bxe5 Nxe5
21. dxe5 Bxe5 22. f4 Bf6 23. Rae1 d4 24. c4 Qc5 25. Bd3 Rac8 26. Qe2 Rc7 27.
Qf2 Rcd7 28. g4 b5 29. cxb5 axb5 30. g5 Be7 31. Qh4 Bd6 32. Qh8+ Ke7 33. Qxg7
Rf8 34. Qf6+ Ke8 35. g6 fxg6 36. Bxg6+ Rdf7 37. Rxe6+ Kd7 38. Rxd6+ Qxd6 39.
Bxf7 Qxf6 1/2-1/2

[Event "Trenton Action (Feburary)"]
[Site "Trenton, Mich."]
[Date "1990.02.17"]
[Round "2"]
[White "Moody, David"]
[Black "June, Brain"]
[Result "1-0"]
[WhiteElo "2083"]
[BlackElo "1758"]
[PlyCount "61"]
[EventDate "1990.02.17"]

1. e4 c5 2. Nf3 Nc6 3. d4 cxd4 4. Nxd4 e5 5. Nb5 a6 6. Nd6+ Bxd6 7. Qxd6 Qf6 8.
Qd1 Qg6 9. Nc3 Nge7 10. Be3 d5 11. Nxd5 Nxd5 12. exd5 Nb4 13. Bd3 Nxd3+ 14.
Qxd3 Qxd3 15. cxd3 Bf5 16. d4 exd4 17. Bxd4 Rc8 18. Kd2 Rc2+ 19. Ke3 Kd7 20.
Kf4 Bd3 21. Rhe1 g5+ 22. Ke3 Rhc8 23. Kxd3 Kd6 24. Rad1 Kxd5 25. Bc3 R2xc3+ 26.
bxc3 Rc5 27. Kc2+ Kc4 28. a4 Rf5 29. f3 f6 30. Re7 b5 31. Rc7+ 1-0

[Event "Trenton Action (Feburary)"]
[Site "Trenton, Mich."]
[Date "1990.02.17"]
[Round "5"]
[White "Moody, David"]
[Black "Johnson, Henry"]
[Result "0-1"]
[WhiteElo "2083"]
[BlackElo "1866"]
[PlyCount "71"]
[EventDate "1990.02.17"]

1. Nc3 g6 2. h4 Bg7 3. h5 g5 4. d4 h6 5. e4 c5 6. d5 d6 7. Bb5+ Nd7 8. Bd2 a6
9. Bxd7+ Bxd7 10. Nh3 Nf6 11. Qe2 Ng4 12. O-O-O b5 13. f4 b4 14. Nb1 gxf4 15.
Bxf4 Qa5 16. Nd2 Ne5 17. Bxe5 Bxe5 18. Nc4 Qb5 19. Qd3 Bd4 20. Nf4 Rg8 21. Rde1
Bf2 22. Re2 Rg3 23. Qd2 Qxc4 24. Rxf2 Qxa2 25. Kd1 Bg4+ 26. Ne2 Qxb2 27. Qxh6
O-O-O 28. Qf4 Bxe2+ 29. Rxe2 Ra3 30. Ree1 Qd4+ 31. Qd2 Ra1+ 32. Ke2 Qxe4+ 33.
Kf2 Rxe1 34. Rxe1 Qf5+ 35. Kg1 Qxh5 36. Qd3 0-1

[Event "Trenton Action (Feburary)"]
[Site "Trenton, Mich."]
[Date "1990.02.17"]
[Round "1"]
[White "Link, Justin"]
[Black "Moody, David"]
[Result "0-1"]
[WhiteElo "1391"]
[BlackElo "2083"]
[PlyCount "87"]
[EventDate "1990.02.17"]

1. e4 e5 2. Nf3 Nc6 3. Bc4 Nf6 4. d3 Bc5 5. Nc3 d6 6. h3 Na5 7. Bb3 Nxb3 8.
axb3 a6 9. O-O Be6 10. Be3 Bxe3 11. fxe3 O-O 12. d4 exd4 13. exd4 Re8 14. Qd3
Nh5 15. Nd2 Qg5 16. Qf3 Ng3 17. Rf2 f5 18. Kh2 Nxe4 19. Ndxe4 fxe4 20. Nxe4 Qg6
21. Nc3 c6 22. d5 Rf8 23. Qe3 Rxf2 24. Qxf2 Rf8 25. Qd2 cxd5 26. Nxd5 Qf7 27.
Nc3 Qc7 28. Re1 d5+ 29. Kg1 Qc5+ 30. Kh2 Rf2 31. Qg5 Qd6+ 32. Kg1 h6 33. Qe3
Rf6 34. Na4 Rg6 35. c4 Rg3 36. Qxe6+ Qxe6 37. Rxe6 Rxb3 38. cxd5 b5 39. Nc5
Rxb2 40. d6 Rd2 41. d7 Kh7 42. Re8 b4 43. d8=Q Rxd8 44. Rxd8 0-1

[Event "Clippert Action"]
[Site "Detroit, Mich."]
[Date "1990.03.10"]
[Round "2"]
[White "Vark, Aal"]
[Black "Moody, David"]
[Result "0-1"]
[WhiteElo "1748"]
[BlackElo "2046"]
[PlyCount "40"]
[EventDate "1990.03.10"]

1. c4 e5 2. Nc3 Nc6 3. g3 f5 4. Bg2 Nf6 5. e3 d6 6. Nge2 Be6 7. b3 Be7 8. d4
exd4 9. exd4 Bf7 10. O-O O-O 11. d5 Ne5 12. Nd4 Nfd7 13. Nxf5 Bf6 14. Bb2 Nc5
15. Ne4 Ncd3 16. Bd4 Bg6 17. Nxf6+ Qxf6 18. Nh4 Qg5 19. f4 Qg4 20. fxe5 Qxd4+
0-1

[Event "Clippert Action"]
[Site "Detroit, Mich."]
[Date "1990.03.10"]
[Round "6"]
[White "Thompson, Dexter"]
[Black "Moody, David"]
[Result "1-0"]
[WhiteElo "2345"]
[BlackElo "2046"]
[PlyCount "95"]
[EventDate "1990.03.10"]

1. e4 e5 2. Nf3 Nc6 3. d4 exd4 4. c3 dxc3 5. Bc4 cxb2 6. Bxb2 d6 7. Qb3 Qd7 8.
Bc3 Nf6 9. Nbd2 Be7 10. Bxf7+ Kf8 11. O-O Nd8 12. Bc4 Ne6 13. e5 Ng4 14. Rad1
Nf4 15. Qc2 Qf5 16. Qxf5+ Bxf5 17. Nd4 Bd3 18. Bxd3 dxe5 19. Ne6+ Nxe6 20. Bf5
Nxh2 21. Kxh2 Nd4 22. Be4 h5 23. Nf3 Bd6 24. Bxd4 exd4+ 25. Kg1 c5 26. Nh4 Kf7
27. Bxb7 Rab8 28. Bd5+ Kf6 29. Rfe1 Rhe8 30. Kf1 g5 31. Nf3 g4 32. Nd2 Rxe1+
33. Rxe1 Bf4 34. Nc4 Rd8 35. Be4 d3 36. Rd1 d2 37. Bc2 h4 38. Ke2 Re8+ 39. Kf1
Rd8 40. Ne3 Kg5 41. Nc4 h3 42. g3 Rd4 43. gxf4+ Kxf4 44. Nxd2 c4 45. Kg1 g3 46.
fxg3+ Kxg3 47. Nf1+ Kf4 48. Rxd4+ 1-0

[Event "Clippert Action"]
[Site "Detroit, Mich."]
[Date "1990.03.10"]
[Round "3"]
[White "Moody, David"]
[Black "Roberts, Ken"]
[Result "1-0"]
[WhiteElo "2046"]
[BlackElo "1774"]
[PlyCount "75"]
[EventDate "1990.03.10"]

1. e4 e6 2. d4 d5 3. Nc3 Bb4 4. e5 c5 5. a3 Bxc3+ 6. bxc3 Qc7 7. Nf3 Ne7 8. a4
Nbc6 9. Bb5 Bd7 10. Ba3 Nf5 11. Bxc5 b6 12. Ba3 Na5 13. Bxd7+ Kxd7 14. Qd3 Rac8
15. Qb5+ Qc6 16. Bb4 Nc4 17. Qxc6+ Rxc6 18. a5 bxa5 19. Bxa5 Rhc8 20. Bb4 a5
21. Bc5 Rb8 22. Nd2 Nxd2 23. Kxd2 Rxc5 24. dxc5 Rb5 25. Rhb1 Rxc5 26. Rb7+ Ke8
27. Ra7 d4 28. cxd4 Nxd4 29. R1xa5 Rc6 30. Ra8+ Kd7 31. R5a7+ Rc7 32. Rxc7+
Kxc7 33. Ra7+ Kc6 34. Rxf7 Nf5 35. Rxf5 exf5 36. Ke3 Kd5 37. Kf4 g6 38. c4+ 1-0

[Event "Clippert Action"]
[Site "Detroit, Mich."]
[Date "1990.03.10"]
[Round "1"]
[White "Moody, David"]
[Black "Kosanovich, Mike"]
[Result "1-0"]
[WhiteElo "2046"]
[BlackElo "1658"]
[PlyCount "63"]
[EventDate "1990.03.10"]

1. e4 d6 2. Nf3 Nf6 3. c3 c5 4. Bb5+ Nc6 5. d3 Bd7 6. O-O a6 7. Ba4 b5 8. Bc2
e5 9. Re1 Be7 10. Nbd2 Qb6 11. Nf1 b4 12. Bg5 bxc3 13. bxc3 Qa5 14. Qd2 Rb8 15.
Ne3 O-O 16. h3 Be6 17. Bb3 Qb6 18. Reb1 Na5 19. Bxf6 Bxf6 20. Bc2 Qc6 21. c4
Qc7 22. g4 g6 23. Kh2 Nc6 24. Nf5 gxf5 25. gxf5 Nd4 26. Rg1+ Kh8 27. Nxd4 exd4
28. Qh6 d5+ 29. f4 Be5 30. fxe5 Qxe5+ 31. Kh1 Rb2 32. Qxf8# 1-0

[Event "Clippert Action"]
[Site "Detroit, Mich."]
[Date "1990.03.10"]
[Round "5"]
[White "Moody, David"]
[Black "Basin, Leonid"]
[Result "0-1"]
[WhiteElo "2046"]
[BlackElo "2445"]
[PlyCount "46"]
[EventDate "1990.03.10"]

1. e4 c5 2. Nf3 d6 3. d4 cxd4 4. Nxd4 Nf6 5. Nc3 a6 6. Bg5 e6 7. f4 Nc6 8. Qd2
h6 9. Bxf6 Qxf6 10. O-O-O Nxd4 11. Qxd4 Qxf4+ 12. Kb1 Be7 13. g3 Qg5 14. Be2
O-O 15. Rdf1 b5 16. Qf2 Bb7 17. h4 Qe5 18. g4 b4 19. Nd1 Bxe4 20. Rhg1 Rac8 21.
Bd3 Bxd3 22. cxd3 Qc5 23. d4 Qc1# 0-1

[Event "Clippert Action"]
[Site "Detroit, Mich."]
[Date "1990.03.10"]
[Round "4"]
[White "Finegold, Mark"]
[Black "Moody, David"]
[Result "0-1"]
[WhiteElo "2249"]
[BlackElo "2046"]
[PlyCount "52"]
[EventDate "1990.03.10"]

1. e4 e5 2. Nf3 Nc6 3. Nc3 Nf6 4. d4 exd4 5. Nd5 Be7 6. Nxd4 O-O 7. Be3 Re8 8.
Nf5 Nxe4 9. Qg4 Bf6 10. Bd3 Nc5 11. Bc4 d6 12. O-O-O Ne5 13. Nh6+ Kf8 14. Qh5
gxh6 15. Bxh6+ Bg7 16. Bg5 Bg4 17. Qh4 Qd7 18. Nf6 Qf5 19. Nxh7+ Kg8 20. Nf6+
Bxf6 21. Bxf6 Ng6 22. Bxf7+ Kxf7 23. Qh7+ Kxf6 24. f3 Qg5+ 25. Kb1 Re7 26. h4
Qe3 0-1

[Event "Lansing March Mini-Swiss"]
[Site "Lansing, MI"]
[Date "1990.03.11"]
[Round "1"]
[White "Sobocinski, Mike"]
[Black "Aldrich, Jeff"]
[Result "1-0"]
[WhiteElo "1716"]
[BlackElo "1683"]
[PlyCount "45"]
[EventDate "1990.03.11"]

1. d4 d5 2. Nc3 Nf6 3. e4 dxe4 4. f3 exf3 5. Nxf3 Bg4 6. Be3 e6 7. Bd3 Nbd7 8.
O-O c5 9. Ne2 Nd5 10. Bd2 N7f6 11. Ne5 Bh5 12. Bb5+ Ke7 13. Qe1 Qb6 14. c4 Nc7
15. Ba4 a5 16. Ng3 Bg6 17. d5 Ncxd5 18. cxd5 Nxd5 19. Rd1 f6 20. Nc4 Qc7 21.
Bxa5 b6 22. Rxd5 bxa5 23. Rd7+ 1-0

[Event "Lansing Mini-Swiss (March)"]
[Site "Lansing, Mich."]
[Date "1990.03.11"]
[Round "3"]
[White "Noren, Kevin"]
[Black "Moody, David"]
[Result "0-1"]
[WhiteElo "2285"]
[BlackElo "2046"]
[PlyCount "108"]
[EventDate "1990.03.11"]

1. Nf3 Nf6 2. c4 e6 3. g3 d5 4. b3 d4 5. e3 Nc6 6. Bg2 e5 7. exd4 e4 8. Ng5
Qxd4 9. Nc3 Bg4 10. f3 Ne5 11. Qe2 exf3 12. Nxf3 Bxf3 13. Bxf3 O-O-O 14. Kf1
Re8 15. Qf2 Nxf3 16. Qxf3 Ne4 17. Kg2 Nxd2 18. Qf2 Qxf2+ 19. Kxf2 Bc5+ 20. Kg2
Ne4 21. Bb2 Bd4 22. Nxe4 Bxb2 23. Rae1 Re5 24. Nf2 Rhe8 25. Rxe5 Rxe5 26. Kf3
Bd4 27. Ng4 Re6 28. Rd1 c5 29. h3 Kc7 30. Rd2 Kb6 31. Re2 Rxe2 32. Kxe2 Ka5 33.
Kd3 Kb4 34. Kc2 h5 35. Nh2 Be5 36. Nf1 g5 37. g4 hxg4 38. hxg4 Bf4 39. Kb2 a6
40. a3+ Ka5 41. Kc3 Kb6 42. Kd3 Kc6 43. Ke4 Kd6 44. Kf5 b5 45. Kf6 b4 46. a4 a5
47. Kf5 Ke7 48. Ke4 Ke6 49. Kf3 Ke5 50. Kf2 Kd4 51. Kf3 Kc3 52. Ke4 Kxb3 53.
Kd5 Kxa4 54. Kxc5 b3 0-1

[Event "Lansing Mini-Swiss (March)"]
[Site "Lansing, Mich."]
[Date "1990.03.11"]
[Round "2"]
[White "Moody, David"]
[Black "Skidmore, Mike"]
[Result "1-0"]
[WhiteElo "2046"]
[BlackElo "1948"]
[PlyCount "81"]
[EventDate "1990.03.11"]

1. e4 c6 2. d4 d5 3. exd5 cxd5 4. Bd3 Nf6 5. c3 e6 6. Bf4 Bd6 7. Bxd6 Qxd6 8.
Nf3 O-O 9. Nbd2 Nc6 10. Qe2 Re8 11. Ne5 Ne7 12. Ndf3 Ng6 13. g3 b6 14. Ng5 Rf8
15. h4 Bb7 16. h5 Ne7 17. h6 g6 18. Qf3 Nf5 19. g4 Ne4 20. gxf5 Nxg5 21. Qg4
exf5 22. Bxf5 Qf6 23. Bd3 Qe7 24. O-O-O Ne4 25. Bxe4 dxe4 26. Rhe1 Qd6 27. Qd7
Qxd7 28. Nxd7 Rfd8 29. Nf6+ Kh8 30. Nxe4 f5 31. Nf6 Rd6 32. Re7 Rxf6 33. Rxb7
Re6 34. d5 Rd6 35. Re1 g5 36. Re6 Rxe6 37. dxe6 Kg8 38. Rg7+ Kh8 39. Rxg5 Re8
40. Rxf5 Kg8 41. Rf6 1-0

[Event "Lansing Mini-Swiss (March)"]
[Site "Lansing, Mich."]
[Date "1990.03.11"]
[Round "1"]
[White "Moody, David"]
[Black "Brattin, Vincent"]
[Result "1/2-1/2"]
[WhiteElo "2046"]
[BlackElo "1947"]
[PlyCount "119"]
[EventDate "1990.03.11"]

1. e4 c6 2. d4 d5 3. exd5 cxd5 4. Bd3 Nf6 5. c3 Qb6 6. Qb3 Qxb3 7. axb3 e6 8.
Bf4 Nc6 9. Nf3 Be7 10. Nbd2 O-O 11. O-O b6 12. Ba6 Nd7 13. Ra4 f6 14. Bxc8
Rfxc8 15. Re1 e5 16. dxe5 Nc5 17. exf6 Bxf6 18. Ne5 Nxe5 19. Bxe5 Bxe5 20. Rxe5
Nxa4 21. bxa4 Re8 22. Rxd5 Rad8 23. c4 Rxd5 24. cxd5 Re1+ 25. Nf1 Rd1 26. f3
Rxd5 27. Kf2 Kf7 28. Ke3 Rd1 29. Nd2 Re1+ 30. Kf2 Ra1 31. b3 Ke6 32. Ke3 Rg1
33. Kf2 Rc1 34. Ke3 Kd5 35. Kd3 Rg1 36. Nc4 Kc5 37. Ne3 Rb1 38. Kc3 a5 39. Kc2
Ra1 40. Kc3 g6 41. Kc2 Ra2+ 42. Kc3 Rf2 43. h4 h5 44. Kd3 Kb4 45. Nd5+ Kxb3 46.
Nxb6 Rxg2 47. Ke4 Rh2 48. Kf4 Rxh4+ 49. Kg5 Rxa4 50. Nxa4 Kxa4 51. f4 Kb3 52.
Kxg6 h4 53. f5 h3 54. f6 h2 55. f7 h1=Q 56. f8=Q Qc6+ 57. Kh5 Qb5+ 58. Kg6 Qd3+
59. Kh5 a4 60. Qb8+ 1/2-1/2

[Event "Lansing March Mini-Swiss"]
[Site "Lansing, MI"]
[Date "1990.03.11"]
[Round "2"]
[White "Aldrich, Jeff"]
[Black "Rostrom, Richard"]
[Result "0-1"]
[WhiteElo "1683"]
[BlackElo "1724"]
[PlyCount "108"]
[EventDate "1990.03.11"]

1. d4 Nf6 2. c4 c5 3. d5 b5 4. b3 g6 5. Bb2 bxc4 6. bxc4 Bg7 7. Nd2 d6 8. e4
O-O 9. Be2 Nbd7 10. f4 Qa5 11. Qc2 Nb6 12. Ngf3 Na4 13. Bxf6 Bxf6 14. e5 Bg7
15. Bd3 Bg4 16. O-O Rab8 17. Rab1 Rb6 18. h3 Bd7 19. Rfe1 Rfb8 20. e6 fxe6 21.
Rxb6 Rxb6 22. Nb3 Qc3 23. dxe6 Be8 24. f5 Qxc2 25. Bxc2 Nb2 26. Nh4 Nxc4 27.
fxg6 hxg6 28. Nxg6 Bxg6 29. Bxg6 Ne5 30. Bc2 Bf6 31. Re3 c4 32. Nd2 Rb2 33.
Rg3+ Kh8 34. Ne4 Rxc2 35. Nxf6 exf6 36. e7 Nf3+ 37. Rxf3 Re2 38. Rxf6 Rxe7 39.
Rxd6 Re1+ 40. Kf2 Rb1 41. Rd2 c3 42. Re2 Rb2 43. Ke3 c2 44. Rxc2 Rxc2 45. g3
Rxa2 46. h4 Rh2 47. Kf4 a5 48. Kg5 a4 49. g4 a3 50. h5 a2 51. Kg6 a1=Q 52. h6
Qa6+ 53. Kf7 Rxh6 54. g5 Rh7+ 0-1